Vývoj pojistného trhu v České republice
Vývoj výnosov, nákladov a výsledkov celého českého poistného trhu v r. 1995. Životné poistenie. Dôchodkové poistenie. Úrazové poistenie. Zákonné poistenie zodpovednosti za škodu. Havarijné poistenie. Poistenie domácností. Poistenie budov a stavieb. Poistenie priemyslu a podnikateľov. Zaistenie. Vyba...
Gespeichert in:
| Format: | Buchkapitel |
|---|---|
| Sprache: | Tschechisch |
| Schlagworte: | |
| Tags: |
Keine Tags, Fügen Sie das erste Tag hinzu!
|
MARC
| LEADER | 00000naa a2200000 4500 | ||
|---|---|---|---|
| 001 | r023495 | ||
| 005 | 20230922092952.1 | ||
| 041 | 0 | |a cze | |
| 044 | |a CZ | ||
| 245 | 1 | 0 | |a Vývoj pojistného trhu v České republice |
| 520 | |a Vývoj výnosov, nákladov a výsledkov celého českého poistného trhu v r. 1995. Životné poistenie. Dôchodkové poistenie. Úrazové poistenie. Zákonné poistenie zodpovednosti za škodu. Havarijné poistenie. Poistenie domácností. Poistenie budov a stavieb. Poistenie priemyslu a podnikateľov. Zaistenie. Vybavené poistné udalosti. (Úryvok z Výročnej správy 1995 Českej asociácie poisťovní.) | ||
| 610 | 2 | 0 | |a trh poistný |
| 610 | 2 | 0 | |a Česko |
| 610 | 2 | 0 | |a 1995 |
| 610 | 2 | 0 | |a správy výročné |
| 610 | 2 | 0 | |a poistenie |
| 610 | 2 | 0 | |a poistné |